| Tag |
First Indicator |
Second Indicator |
Subfields |
| LEADER |
00000cam a2200000 4500 |
| 001 |
in00000057464 |
| 005 |
20151007082135.0 |
| 008 |
770802s1965 nyu 00100 eng |
| 010 |
|
|
|a 65017304
|
| 035 |
|
|
|a (OCoLC)03155618
|
| 035 |
|
|
|9 AAF7426AM
|
| 040 |
|
|
|a DLC
|c FML
|d TXA
|d UtOrBLW
|
| 043 |
|
|
|a n-us---
|
| 049 |
|
|
|a TXAM
|c [410488]
|
| 050 |
|
0 |
|a HV97.N4
|b A5
|
| 082 |
0 |
|
|a 061.082
|
| 092 |
|
|
|a 061
|b N567f
|
| 110 |
1 |
|
|a New York.
|b Foundation Library Center.
|t Foundation news.
|
| 245 |
1 |
0 |
|a Foundations: 20 viewpoints ;
|b significant papers selected from Foundation news, bulletin of the Foundation Library Center /
|c Edited, with an introd., by F. Emerson Andrews.
|
| 264 |
|
1 |
|a New York :
|b Russell Sage Foundation,
|c 1965.
|
| 300 |
|
|
|a 108 pages ;
|c 23 cm.
|
| 336 |
|
|
|a text
|b txt
|2 rdacontent
|
| 337 |
|
|
|a unmediated
|b n
|2 rdamedia
|
| 338 |
|
|
|a volume
|b nc
|2 rdacarrier
|
| 650 |
|
0 |
|a Endowments
|z United States.
|
| 700 |
1 |
|
|a Andrews, Frank Emerson,
|d 1902-
|
| 999 |
|
|
|a MARS
|
| 999 |
f |
f |
|s 792986e3-fedd-3d08-b2d5-a3142cf5df8f
|i b9344512-8651-3cd3-841a-3dffee891e05
|t 0
|
| 952 |
f |
f |
|p ric
|a Texas A&M University
|b Rellis Campus
|c Joint Library Facility
|d Remote Storage
|t 0
|e HV97.N4 A5
|h Library of Congress classification
|i unmediated -- volume
|m A14800499581
|
| 998 |
f |
f |
|a HV97.N4 A5
|t 0
|l Remote Storage
|